Reforma školy - rozvoj ďalšieho vzdelávania a výchovy

Aktuálne otázky reformy školstva. Príspevok sa zameriava na školu a jej úlohu v spoločnosti, na celospoločenské úlohy, ktoré súvisia s prestavbou školy, na osobnosť učiteľa a iné. Nielen škola, ale aj spoločnosť má mimoriadne vážne a dôležité postavenie pri reforme školy a pri výchove dorastajúcej g...

Descrizione completa

Salvato in:
Dettagli Bibliografici
Autore principale: Petlák, Erich
Natura: Capitolo di libro
Lingua:slovacco
Soggetti:
Tags: Aggiungi Tag
Nessun Tag, puoi essere il primo ad aggiungerne!!

MARC

LEADER 00000naa$a2200000$$$4500
001 0067816
005 20231010124429.0
041 0 |a slo 
044 |a SK 
245 1 0 |a Reforma školy - rozvoj ďalšieho vzdelávania a výchovy  |c Erich Petlák 
520 |a Aktuálne otázky reformy školstva. Príspevok sa zameriava na školu a jej úlohu v spoločnosti, na celospoločenské úlohy, ktoré súvisia s prestavbou školy, na osobnosť učiteľa a iné. Nielen škola, ale aj spoločnosť má mimoriadne vážne a dôležité postavenie pri reforme školy a pri výchove dorastajúcej generácie. 
610 2 0 |a školstvo 
610 2 0 |a reformy 
610 2 0 |a vedy prírodné 
610 2 0 |a vedy spoločenské 
100 1 |a Petlák, Erich